000 00513nam a22001817a 4500
005 20170303162032.0
010 _aENG-117403
020 _a9788173819872
_c135.00
035 _aEN-100935
037 _bDBAD/PUB
082 _a483.1
100 _aDas,P.C.
245 _aCatchy phrases and phrasal verb /
_cby P.C. Das
260 _aKolkata
_bNew Central Book Agency
_c2016
270 _a8/1Chintamoni Das Lane
_bKolkata
_e700005
300 _a219p.
_c24cm(pbk)
942 _2ddc
_cEN
_h483.1
_mDAS
999 _c137972
_d137972